1604 1541 1229 1086 1152 1608 1890 1180 1471 1874 1948 1027 1662 1198 1470 1832 1781 1733 1610 1520 1587 1694 1451 1588 1412 1151 1362 1133 1801 1777 1247 1346 1982 1038 1900 1353 1687 1963 1921 1059 1011 1692 1389 1397 1157 1462 1783 1432 1888 1354 1029 1273 1755 1854 1787 1006 1123 1171 1525 1703 1743 1086 1973 1288 1990 1647 1351 1735 1156 1780 1501 1740 1486 1137 1480 1693 1005 1747 1297 1839 1678 1305 1405 1134 1628 1503 1701 1754 1154 1198 1731 1857 1670 1715 1639 1253 1038 1346 1598 BCNSPRNW ULIB Ver.6.0+V

เปลี่ยนเป็นภาษาไทย

Change to English
 แสดงรายละเอียดบรรณานุกรม
  กลับหน้าหลัก

Brief Record : Get Marc (ISO 2709) : E-mail record : QR code < ปิดหน้าต่าง
LEADER : 00000nas 2200000uu 4500
001    13399125915
003     ULIB
008    170927s2560||||th 000 0 tha d
022 0  ^a2673088X
245 00 ^aวารสารศูนย์อนามัยที่ 9/^bกรมอนามัย ศูนย์อนามัยที่ 9 นครราชสีมา^c2560
310    ^aรายสี่เดือน
850 ^a ULIB^bฉบับที่ 12 ปีที่ 28 ฉ.1 ;ฉบับที่ 11 ปีที่ 25 ฉ.1 ;ฉบับที่ 11 ปีที่ 26 ฉ.1 ;ฉบับที่ 12 ปีที่ 27 ฉ.1 ;ฉบับที่ 14 ปีที่ 35 ฉ.1 ;ฉบับที่ 36 ปีที่ 15 ฉ.1
945    ^p0^l0^i905050
945    ^p0^l0^i904648
945    ^p0^l0^i904810
945    ^p0^l0^i904909
945    ^p0^l0^i905653
945    ^p0^l0^i905724
999    ^aประนอม เกษจรัล
รายการนี้ยังไม่มีแท็ก
คุณยังไม่ได้ล็อกอิน คุณสามารถมีกิจกรรมร่วมกับเว็บไซต์ได้ แต่ต้องล็อกอินก่อน ::
  ล็อกอิน

รายการสื่อสารสนเทศ (วารสาร)

ดูแบบ: กล่อง รายการ
ARRIVED
ฉบับที่ 11 ปีที่ 25 ฉ.1
สถานที่: ห้องสมุดวิทยาเขตสวรรค์ประชารักษ์ >หนังสือพิมพ์
ARRIVED
ฉบับที่ 11 ปีที่ 26 ฉ.1
สถานที่: ห้องสมุดวิทยาเขตสวรรค์ประชารักษ์ >วารสาร
ARRIVED
ฉบับที่ 12 ปีที่ 27 ฉ.1
สถานที่: ห้องสมุดวิทยาเขตสวรรค์ประชารักษ์ >วารสาร
ARRIVED
ฉบับที่ 12 ปีที่ 28 ฉ.1
สถานที่: ห้องสมุดวิทยาเขตสวรรค์ประชารักษ์ >วารสาร
ARRIVED
ฉบับที่ 14 ปีที่ 35 ฉ.1
สถานที่: ห้องสมุดวิทยาเขตสวรรค์ประชารักษ์ >วารสาร
ARRIVED
ฉบับที่ 36 ปีที่ 15 ฉ.1
สถานที่: ห้องสมุดวิทยาเขตสวรรค์ประชารักษ์ >วารสาร

BibComment


ยังไม่เคยถูกคอมเมนท์

คอมเมนท์ทรัพยากรรายการนี้
  คอมเมนท์: วารสารศูนย์อนามั..


 Copyright 2026. Bcnsprnw @Library